オーケーストアが出店している自治体 - Statistics

General Stats
  • This quiz has been taken 73 times
  • The average score is 44 of 59
Answer Stats
市区町村 % Correct
東京都 大田区
92%
東京都 新宿区
90%
東京都 渋谷区
90%
東京都 世田谷区
89%
東京都 北区
89%
神奈川県 横浜市
89%
東京都 港区
87%
神奈川県 川崎市
87%
東京都 江東区
86%
東京都 練馬区
86%
東京都 足立区
86%
東京都 中央区
84%
東京都 豊島区
84%
東京都 板橋区
84%
千葉県 千葉市
84%
埼玉県 さいたま市
84%
東京都 品川区
81%
東京都 葛飾区
81%
東京都 江戸川区
81%
東京都 八王子市
81%
神奈川県 相模原市
81%
東京都 台東区
79%
千葉県 市川市
79%
東京都 立川市
78%
千葉県 船橋市
78%
埼玉県 川口市
78%
東京都 墨田区
76%
東京都 中野区
76%
東京都 杉並区
76%
神奈川県 藤沢市
76%
神奈川県 厚木市
75%
千葉県 松戸市
75%
神奈川県 平塚市
73%
千葉県 柏市
73%
埼玉県 川越市
73%
埼玉県 所沢市
73%
東京都 三鷹市
71%
東京都 町田市
71%
東京都 府中市
70%
東京都 調布市
70%
東京都 西東京市
70%
神奈川県 大和市
70%
千葉県 習志野市
70%
千葉県 浦安市
68%
東京都 武蔵野市
67%
東京都 国分寺市
65%
東京都 狛江市
63%
埼玉県 草加市
63%
埼玉県 三郷市
63%
埼玉県 戸田市
62%
東京都 小金井市
60%
神奈川県 逗子市
60%
東京都 昭島市
57%
東京都 清瀬市
54%
神奈川県 伊勢原市
54%
大阪府 東大阪市
52%
千葉県 八千代市
49%
埼玉県 新座市
49%
千葉県 佐倉市
48%
No matching quizzes found
Score Distribution
Percent of People with Each Score
Percentile by Number Answered
Your Score History
You have not taken this quiz